Statistics Concepts and Applications (Record no. 246871)

MARC details
000 -LEADER
fixed length control field 00314pam a2200157 a 4500
020 ## - INTERNATIONAL STANDARD BOOK NUMBER
Terms of availability
041 ## - LANGUAGE CODE
Language code of original
100 ## - MAIN ENTRY--PERSONAL NAME
Personal name Harry Frank
245 ## - TITLE STATEMENT
Title Statistics Concepts and Applications
250 ## - EDITION STATEMENT
Edition statement I st
260 ## - PUBLICATION, DISTRIBUTION, ETC.
Date of publication, distribution, etc. 1995
300 ## - PHYSICAL DESCRIPTION
Extent 853
653 ## - INDEX TERM--UNCONTROLLED
Uncontrolled term Computer
700 ## - ADDED ENTRY--PERSONAL NAME
Personal name Steven C. Althoen
930 ## - EQUIVALENCE OR CROSS-REFERENCE-UNIFORM TITLE HEADING [LOCAL, CANADA]
Uniform title 1018
Holdings
Withdrawn status Lost status Damaged status Not for loan Collection Home library Current library Date acquired Total Checkouts Full call number Barcode Date last seen Copy number Price effective from Koha item type
          Institute of Environment Education & Research, Pune Institute of Environment Education & Research, Pune 19/09/2011   EVP-813 03/04/2023 1 03/04/2023 Book